[Event "III GM-Tage"]
[Site "Pulvermuehle GER"]
[Date "2006.03.02"]
[Round "6"]
[White "Braun,A"]
[Black "Atlas,V"]
[Result "1-0"]
[WhiteElo "2491"]
[BlackElo "2480"]

1.d4 Nf6 2.c4 e6 3.Nc3 Bb4 4.f3 d5 5.a3 Bxc3+ 6.bxc3 c5 7.cxd5 Nxd5 8.dxc5 Qa5
9.e4 Ne7 10.Be3 O-O 11.Qb3 Na6 12.Rd1 Nc6 13.Bb5 e5 14.Ne2 Be6 15.Qb2 Qc7
16.f4 Na5 17.c6 exf4 18.Nxf4 Nxc6 19.O-O Rae8 20.Bxa6 bxa6 21.Bc5 Bc4 22.Bxf8 Rxf8
23.Rf2 Qe5 24.Qc2 h6 25.Nd5 Qb8 26.Qd2 Ne5 27.Qd4 Re8 28.h3 f6 29.Re1 Kh8
30.Re3 Qb1+ 31.Kh2 Qb8 32.Rg3 h5 33.Rf4 g5 34.Rxf6 h4 35.Rh6+ Kg7 36.Rxh4 Bxd5
37.exd5 Kf6 38.Rh6+ Kf5 39.Rxg5+  1-0

[Event "TCh-NED 2005-6"]
[Site "Netherlands NED"]
[Date "2006.03.04"]
[Round "7"]
[White "Van Ketel,R"]
[Black "Van Beek,L"]
[Result "0-1"]
[WhiteElo "2310"]
[BlackElo "2332"]

1.d4 Nf6 2.c4 e6 3.Nc3 Bb4 4.f3 d5 5.a3 Be7 6.e4 c5 7.e5 Nfd7 8.cxd5 exd5
9.dxc5 Nxe5 10.Qxd5 O-O 11.Bf4 Nbc6 12.O-O-O Qa5 13.Bxe5 Be6 14.Qe4 Nxe5
15.Qxe5 Rac8 16.Kb1 Rxc5 17.Qe3 Rfc8 18.Ne4 Qa4 19.Qd3 Rd5 20.Qxd5 Qc2+ 21.Ka1 Bxd5
22.Rxd5 Qc1+ 23.Ka2 Qxf1 24.Rd2 Qc4+ 25.Kb1 Qc1+ 26.Ka2 f5 27.Rd7 Rc2  0-1

[Event "4NCL 2005-06"]
[Site "Birmingham ENG"]
[Date "2006.03.05"]
[Round "8"]
[White "Berry,N"]
[Black "Webb,L"]
[Result "1-0"]
[WhiteElo "2289"]
[BlackElo "2336"]

1.d4 Nf6 2.c4 e6 3.Nc3 Bb4 4.f3 d5 5.a3 Be7 6.e4 dxe4 7.fxe4 e5 8.d5 a5 9.Nf3 Nbd7
10.Bd3 O-O 11.Qe2 Re8 12.O-O Nf8 13.Kh1 Ng6 14.Be3 b6 15.Qd2 Bd7 16.Ne2 Ng4
17.Bg1 Nh4 18.Ng3 g6 19.Be2 h5 20.Qc3 Bd6 21.h3 Nh6 22.Be3 Nxf3 23.Rxf3 Bf8
24.Kg1 h4 25.Nf1 f5 26.Bd3 f4 27.Bd2 Bc5+ 28.Kh1 g5 29.Nh2 Qf6 30.Raf1 Kg7
31.Qc1 g4 32.hxg4 Nxg4 33.Bxf4 exf4 34.Rxf4 Qg6 35.Nxg4 Bxg4 36.e5 Qh5 37.Bf5 Be2
38.Re1 Rxe5 39.Qc3 Re8 40.Qh3 Bf2 41.Rxf2 Re3 42.Qh2 Rg3 43.Rf4 Bf3 44.Rxe8 Rxg2
45.Re7+ Kg8 46.Qxg2+ Bxg2+ 47.Kxg2 Qh6 48.Be6+ Kh8 49.Re8+ Kg7 50.Rf7+  1-0

[Event "56th ch-HUN"]
[Site "Szekesfehervar HUN"]
[Date "2006.03.05"]
[Round "5"]
[White "Berkes,F"]
[Black "Horvath,Ad1"]
[Result "1/2-1/2"]
[WhiteElo "2597"]
[BlackElo "2532"]

1.d4 Nf6 2.c4 e6 3.Nc3 Bb4 4.f3 d5 5.a3 Bxc3+ 6.bxc3 c5 7.cxd5 Nxd5 8.dxc5 Qa5
9.e4 Nf6 10.Be3 O-O 11.Qb3 Nfd7 12.a4 Qc7 13.Qa3 Na6 14.c6 Qxc6 15.Ne2 e5
16.Ng3 Ndc5 17.Bb5 Qc7 18.O-O Be6 19.Nf5 Nb3 20.Rab1 Nac5 21.Nd4 exd4 22.cxd4 a6
23.Be2 Nxe4 24.fxe4 Qc3 25.Bd1 Qxe3+ 26.Kh1 Qxd4 27.Bxb3 Qxe4 28.Bxe6 Qxe6
29.Rxb7 Rae8 30.h3 Qc4 31.Rc1 Qf4 32.Rb4 Qf2 33.Qc3 Re3 34.Qc4 Rfe8 35.Rbb1 Re2
36.Rg1 R2e6 37.Rgf1 Qg3 38.Rb7 Qg6 39.Rbxf7 Qxf7 40.Rxf7 Kxf7 41.Kh2 Re7
42.h4 h6 43.Kh3 Kf8 44.a5 Kg8 45.g3 Kh8 46.Qd3 Re8 47.Qd7 Re5 48.g4 Re3+
49.Kg2 Rb8 50.Qd2 Reb3 51.Qd5 Rc3 52.Qd2 Rcb3 53.Qd5 Ra3 54.Qd2 Rbb3 55.Qe2 Rb8
56.g5 hxg5 57.hxg5 Rxa5 58.Qe3 Ra2+ 59.Kg3 Rab2 60.Qe1 R2b3+ 61.Kg4 R3b4+
62.Kg3 Rb1 63.Qe6 R1b3+ 64.Kg4 a5 65.Qc6 R3b4+ 66.Kg3 Rb3+ 67.Kg4 Rb1 68.g6 R1b4+
69.Kg3 Rb3+ 70.Kg4 R3b4+ 71.Kg3 Rb3+  1/2-1/2

[Event "ch-USA GpB"]
[Site "San Diego USA"]
[Date "2006.03.08"]
[Round "6"]
[White "Sarkar,J"]
[Black "Ippolito,D"]
[Result "1/2-1/2"]
[WhiteElo "2323"]
[BlackElo "2414"]

1.d4 Nf6 2.c4 e6 3.Nc3 Bb4 4.f3 d5 5.a3 Bxc3+ 6.bxc3 c5 7.cxd5 Nxd5 8.Qd3 b6
9.e4 Ba6 10.Qd2 Bxf1 11.Kxf1 Ne7 12.Ne2 O-O 13.h4 Nbc6 14.Rh3 Kh8 15.Rg3 cxd4
16.cxd4 f5 17.d5 exd5 18.Bb2 d4 19.Nxd4 Rf7 20.Rd1 fxe4 21.Qc2 Nxd4 22.Rxd4 Qb8
23.Qxe4 Nf5 24.Rg5 Nxd4 25.Bxd4 Qg8 26.h5 Re8 27.Be5 Re6 28.Qg4 Rc6 29.h6 Rxh6
30.Rxg7 Rh1+ 31.Kf2 Rxg7 32.Bxg7+ Qxg7 33.Qc8+ Qg8 34.Qc3+ Qg7 35.Qc8+ Qg8  1/2-1/2

[Event "FIDE WCh Women KO"]
[Site "Ekaterinburg RUS"]
[Date "2006.03.14"]
[Round "2.2"]
[White "Krush,I"]
[Black "Kosintseva,T"]
[Result "1/2-1/2"]
[WhiteElo "2447"]
[BlackElo "2479"]

1.d4 Nf6 2.c4 e6 3.Nc3 Bb4 4.f3 c5 5.d5 O-O 6.e4 Re8 7.Ne2 d6 8.a4 exd5 9.cxd5 Nbd7
10.Ng3 Ne5 11.Be2 Bd7 12.O-O a6 13.Be3 c4 14.f4 Nd3 15.Bxd3 cxd3 16.Qxd3 Bxc3
17.bxc3 Nxe4 18.Bd4 f5 19.c4 Re7 20.a5 Rc8 21.Rfc1 Nc5 22.Qa3 Qe8 23.Rab1 h5
24.Bxc5 Rxc5 25.Rxb7 h4 26.Nf1 Re2 27.Qd3 Bc8 28.Rb8 Qe4 29.Qxe4 fxe4 30.Rc3 Kf7
31.Re3 Bg4 32.Rb6 Rxc4 33.Rxe2 Bxe2 34.Ne3 Rc5 35.Kf2 Bd3 36.Rxd6 Rxa5 37.Rd7+ Ke8
38.Rxg7 Ra2+ 39.Kg1 Ra1+ 40.Kf2 Ra2+ 41.Kg1 Ra1+ 42.Kf2 Ra2+ 43.Kg1  1/2-1/2

[Event "It"]
[Site "Frascati ITA"]
[Date "2006.03.30"]
[Round "6"]
[White "Berkes,F"]
[Black "Brunello,S"]
[Result "1/2-1/2"]
[WhiteElo "2597"]
[BlackElo "2301"]

1.d4 Nf6 2.c4 e6 3.Nc3 Bb4 4.f3 d5 5.a3 Bxc3+ 6.bxc3 c5 7.cxd5 Nxd5 8.dxc5 f5
9.c4 Qf6 10.Bg5 Qxg5 11.cxd5 exd5 12.Qxd5 Nc6 13.Nh3 Qe3 14.Qd2 Qxc5 15.e3 O-O
16.Nf4 Rd8 17.Qc1 Qe7 18.Bc4+ Kh8 19.h4 Ne5 20.h5 Nxc4 21.Qxc4 Qxe3+ 22.Kf1 Be6
23.Qxe6 Qxf4 24.h6 Qd4 25.Re1 Qd3+ 26.Kf2 Qd4+ 27.Kf1 Qd3+ 28.Re2 Qd1+ 29.Kf2 Qd4+
30.Kf1  1/2-1/2

[Event "Bundesliga 2005-6"]
[Site "Baden Baden GER"]
[Date "2006.04.01"]
[Round "14"]
[White "Rudolph,Joh"]
[Black "Graf,A"]
[Result "0-1"]
[WhiteElo "2314"]
[BlackElo "2604"]

1.d4 Nf6 2.c4 e6 3.Nc3 Bb4 4.f3 c5 5.d5 d6 6.e4 O-O 7.Bd3 Nbd7 8.Ne2 Ne5
9.O-O a6 10.Kh1 b5 11.cxb5 exd5 12.exd5 Qb6 13.Bg5 Nfd7 14.Bc2 axb5 15.a3 Bxc3
16.Nxc3 f6 17.Bc1 b4 18.Ne4 bxa3 19.bxa3 Ba6 20.Re1 Bc4 21.f4 Ng6 22.Ba4 Qc7
23.Nc3 Rae8 24.Re6 Rxe6 25.dxe6 Nb6 26.Bb3 Qc6 27.Bxc4 Nxc4 28.Qd3 Na5 29.Rb1 Ne7
30.Qb5 Ra8 31.Be3 Qc8 32.Bf2 Qxe6 33.Re1 Qf7 34.h3 Ng6 35.Ne4 Qd5 36.Qd7 Nc4
37.Nc3 Qf7 38.Qc6 Rxa3 39.Qc8+ Nf8 40.Nb5 Rb3 41.Qc6 Rb2 42.Kg1 Na5 43.Qa6 Qb7
44.Qxd6 Rxb5 45.Bxc5 Qc8 46.Bb4 Nc4  0-1

[Event "32nd ch-IND w"]
[Site "Visakhapatnam IND"]
[Date "2006.04.10"]
[Round "10"]
[White "Swati,M"]
[Black "Ramaswamy,A"]
[Result "1/2-1/2"]
[WhiteElo "2160"]
[BlackElo "2239"]

1.d4 Nf6 2.c4 e6 3.Nc3 Bb4 4.f3 c5 5.d5 d6 6.e4 O-O 7.Bd3 Bxc3+ 8.bxc3 Nbd7
9.Nh3 Ne5 10.Nf2 Ng6 11.O-O e5 12.g3 Ne8 13.Be3 f5 14.exf5 Bxf5 15.Bxf5 Rxf5
16.Ne4 Qd7 17.Qc2 Rf8 18.Rab1 Nf6 19.Ng5 Rfe8 20.Ne4 Nxe4 21.Qxe4 Rf8 22.Rb2 Rf6
23.Kg2 Raf8 24.Qc2 Ne7 25.Qe4 Ng6 26.Rb5  1/2-1/2

[Event "32nd ch-IND w"]
[Site "Visakhapatnam IND"]
[Date "2006.04.16"]
[Round "17"]
[White "Harika,D"]
[Black "Swathi,G"]
[Result "1/2-1/2"]
[WhiteElo "2358"]
[BlackElo "2244"]

1.d4 Nf6 2.c4 e6 3.Nc3 Bb4 4.f3 d5 5.a3 Bxc3+ 6.bxc3 c5 7.cxd5 Nxd5 8.dxc5 Qa5
9.e4 Ne7 10.Be3 O-O 11.Qb3 Qc7 12.Bb5 Nbc6 13.Bxc6 Nxc6 14.Ne2 e5 15.O-O Be6
16.Qc2 Na5 17.Ng3 Rad8 18.Nf5 Nc4 19.Qe2 Rd7 20.f4 Nxe3 21.Qxe3 Rc8 22.fxe5 Qxe5
23.Nd4 Qxc5 24.Rf3 Re7 25.Rg3 Kh8 26.Qf2 Bd7 27.h3 f6 28.Nf5 Qxf2+ 29.Kxf2 Bxf5
30.exf5 Rc5 31.Rf3 Kg8 32.Rd1 Rce5 33.c4 Kf7 34.g4 Rc5 35.Rd4 Rec7 36.Rfd3 h5
37.Rd7+ Kg8 38.Rxc7 Rxc7 39.Rd4 Kh7 40.Kg3 Kh6 41.Kh4 hxg4 42.hxg4 Re7 43.Rd8 Kh7
44.c5 a6 45.Rb8 Rc7 46.a4 Rxc5 47.Rxb7 Rc4 48.a5 Ra4 49.Ra7 Rxa5 50.Kg3 Kh6
51.Kf4 Ra4+ 52.Kf3 Ra1 53.Kf4 Ra3 54.Ke4 Ra2 55.Kf3 a5 56.Kg3 Ra1 57.Kf4 Ra3
58.Ke4 a4 59.Kf4 Ra1 60.Ra8 Kh7 61.Kg3 a3 62.Ra7 Kh6 63.Kg2 Ra2+ 64.Kg3 Ra1
65.Kg2 g6 66.fxg6 Kxg6 67.Ra5 Kf7 68.Ra6 Ke7 69.Kh2  1/2-1/2

[Event "XXIV Open"]
[Site "Metz FRA"]
[Date "2006.04.23"]
[Round "2"]
[White "Sar,F"]
[Black "Shchekachev,A"]
[Result "0-1"]
[WhiteElo "2114"]
[BlackElo "2592"]

1.d4 Nf6 2.c4 e6 3.Nc3 Bb4 4.f3 O-O 5.a3 Bxc3+ 6.bxc3 Nh5 7.Nh3 f5 8.Qc2 d6
9.Bd2 e5 10.O-O-O c5 11.e3 Nc6 12.d5 Na5 13.Bd3 b5 14.g4 bxc4 15.Bxf5 Bxf5
16.gxf5 Qh4  0-1

[Event "Open A"]
[Site "Djakovo CRO"]
[Date "2006.05.04"]
[Round "7"]
[White "Cebalo,M"]
[Black "Saric,A"]
[Result "1/2-1/2"]
[WhiteElo "2506"]
[BlackElo "2474"]

1.d4 e6 2.c4 Nf6 3.Nc3 Bb4 4.f3 d5 5.a3 Bxc3+ 6.bxc3 c5 7.cxd5 Nxd5 8.dxc5 Qa5
9.e4 Ne7 10.Be3 Bd7 11.Qb3 O-O 12.Nh3 Na6 13.Rc1 Rfc8 14.Bxa6 Qxa6 15.c4 e5
16.Nf2 Be6 17.Nd3 Nc6 18.Qc3 Na5 19.Nb4 Qxc4 20.Qxe5 Qb3 21.Rc3 Qb1+ 22.Rc1 Qb3
23.Kf2 Rd8 24.Qc3 Qa4 25.Rhe1 Rac8 26.Re2 h6 27.Rcc2 Nb3 28.Nd3 b6 29.c6 Qxa3
30.Nb4 Qa5 31.g4 Qb5 32.Rb2 a5 33.Nd5 Bxd5 34.exd5 a4 35.c7 Rxd5 36.Bf4 Rd3
37.Qe5 Qxe5 38.Rxe5 Rc3 39.Rd5 Kh7 40.Rd8 R8xc7 41.Bxc7 Rxc7 42.Rb8 Rc6 43.Re2 b5
44.Re7 Ra6 45.Rxb5 a3  1/2-1/2

[Event "ch-StP"]
[Site "St Petersburg RUS"]
[Date "2006.06.09"]
[Round "7"]
[White "Zacurdajev,M"]
[Black "Popov,Val"]
[Result "0-1"]
[WhiteElo "2400"]
[BlackElo "2587"]

1.d4 Nf6 2.c4 e6 3.Nc3 Bb4 4.f3 d5 5.a3 Bxc3+ 6.bxc3 c6 7.e3 O-O 8.cxd5 cxd5
9.Bd3 Nc6 10.Ne2 e5 11.Ng3 Qa5 12.Bd2 Qc7 13.O-O Re8 14.Qc2 Be6 15.Rab1 Rad8
16.e4 exd4 17.cxd4 dxe4 18.fxe4 Rxd4 19.Bc3 Qd7 20.Bxd4 Qxd4+ 21.Kh1 Rc8
22.Rxb7 Ne5 23.Rc7 Rxc7 24.Qxc7 h5 25.Be2 h4 26.Nh5 Nxh5 27.Bxh5 Bc4 28.Rb1 Qxe4
29.Rd1 g6 30.Qd6 h3 31.Qd8+ Kg7 32.Qg5 Qxg2+ 33.Qxg2 hxg2+ 34.Kxg2 gxh5 35.Kg3 Kf6
36.Kh4 Be2 37.Rd6+ Kf5 38.a4 a6 39.Rb6 f6 40.Rb4 Nd3 41.Rb6 Nc5 42.Rb2 Bd1
43.Rd2 Bf3 44.a5 Ke5 45.h3 Nb3 46.Rb2 Nd4 47.Kg3 Be2 48.Rb6 f5 49.Kf2 f4
50.Rb7 Bd3 51.Re7+ Ne6 52.Rd7 Bf5 53.Ra7 Nc5 54.h4 Bg4  0-1

[Event "2nd Open"]
[Site "San Marino SMR"]
[Date "2006.06.10"]
[Round "8"]
[White "De Santis,A"]
[Black "Aldrovandi,C"]
[Result "0-1"]
[WhiteElo "2337"]
[BlackElo "2215"]

1.d4 Nf6 2.c4 e6 3.Nc3 Bb4 4.f3 c5 5.d5 e5 6.e4 Bxc3+ 7.bxc3 O-O 8.Bd3 d6
9.Ne2 Ne8 10.g4 a6 11.a4 b6 12.h4 Ra7 13.Bg5 f6 14.Be3 g6 15.Ng3 Ng7 16.Bh6 Raf7
17.Ra2 Bd7 18.Rg2 Kh8 19.Bc2 b5 20.cxb5 axb5 21.axb5 Bxb5 22.Kd2 Rg8 23.f4 exf4
24.Bxf4 Ne8 25.g5 Nd7 26.h5 fxg5 27.hxg6 Rxg6 28.Nf5 Ne5 29.Bxe5+ dxe5 30.Qh5 Qf6
31.Rb1 Nd6 32.c4 Nxc4+ 33.Kc3 Qa6 34.Rh2 Qa5+ 35.Kd3 Nb2+  0-1

[Event "II Perla Baltyku"]
[Site "Mielno POL"]
[Date "2006.06.24"]
[Round "5"]
[White "Malaniuk,V"]
[Black "Grabarczyk,B"]
[Result "1-0"]
[WhiteElo "2539"]
[BlackElo "2475"]

1.d4 Nf6 2.c4 e6 3.Nc3 Bb4 4.f3 Nc6 5.e4 e5 6.a3 Bxc3+ 7.bxc3 d6 8.Ne2 b6
9.Ng3 O-O 10.Be2 Ne7 11.Be3 c5 12.O-O Bb7 13.Bg5 Nd7 14.Qd2 f6 15.Be3 cxd4
16.cxd4 Re8 17.Rfd1 Nf8 18.c5 exd4 19.Qxd4 d5 20.cxb6 Ne6 21.Qb2 axb6 22.Bxb6 Qb8
23.Bb5 Rf8 24.a4 Kh8 25.a5 dxe4 26.fxe4 Nc8 27.Bc4 Ng5 28.Bc5 Re8 29.Bd5 Qc7
30.Bb6 Qb8 31.Bf2 Bxd5 32.Qxb8 Rxb8 33.exd5 Nf7 34.Nf5 Ra8 35.d6  1-0

[Event "XXXII Open"]
[Site "Badalona ESP"]
[Date "2006.07.04"]
[Round "3"]
[White "De Jong,JW"]
[Black "Del Rio Angelis,S"]
[Result "1/2-1/2"]
[WhiteElo "2409"]
[BlackElo "2514"]

1.d4 e6 2.c4 Nf6 3.Nc3 Bb4 4.f3 d5 5.a3 Bxc3+ 6.bxc3 c5 7.cxd5 Nxd5 8.dxc5 Qa5
9.e4 Ne7 10.Be3 O-O 11.Qb3 Qc7 12.Bb5 Nec6 13.Rd1 Na5 14.Qb4 Nbc6 15.Qa4 e5
16.Ne2 Be6 17.Nc1 Rfd8 18.O-O Rxd1 19.Rxd1 Rd8 20.Rxd8+ Qxd8 21.Be2 f6 22.Kf2 g5
23.Qb5 Qd7 24.Nd3 Nc4 25.Nb4 Nxa3 26.Qa4 Nxb4 27.Qxd7 Bxd7 28.cxb4 Nb5 29.c6 Bxc6
30.Bxb5 Bxb5 31.Bxa7 Kf7 32.g3 Ke6  1/2-1/2

[Event "ch-BEL"]
[Site "Namur BEL"]
[Date "2006.07.05"]
[Round "5"]
[White "Hovhanisian,M"]
[Black "Saiboulatov,D"]
[Result "1/2-1/2"]
[WhiteElo "2363"]
[BlackElo "2413"]

1.d4 e6 2.c4 Nf6 3.Nc3 Bb4 4.f3 Nc6 5.Bg5 h6 6.Bh4 d5 7.a3 Be7 8.e3 O-O 9.b4 e5
10.c5 exd4 11.exd4 Ng4 12.Bf2 Nxf2 13.Kxf2 Bf6 14.Nge2 Re8 15.g3 Ne7 16.Qb3 c6
17.Rd1 Nf5 18.Rd3 Bd7 19.Bg2 g6 20.Qd1 Bg7 21.Qd2 h5 22.f4 Nh6 23.h3 Bf5
24.Re3 Qd7 25.Rxe8+ Rxe8 26.Ng1 Be4 27.Nf3 Bxf3 28.Bxf3 Nf5 29.Ne2 Qe7 30.Rb1 Qf6
31.Rb3 h4 32.g4 Nxd4 33.Nxd4 Qxd4+ 34.Qxd4 Bxd4+ 35.Kf1 Re3 36.Rxe3 Bxe3
37.f5 gxf5 38.gxf5 Bc1 39.a4 Ba3 40.b5 Bxc5 41.a5 cxb5 42.Bxd5 Bb4 43.Bxb7 Bxa5
44.Ba6 b4 45.Bc4 Kf8 46.Ke2 Ke7 47.Kd1 f6 48.Kc2 Kd6 49.Be2 Kc5 50.Kb3 Bc7
51.Bf1 Bg3 52.Ba6 Be1 53.Bf1 Kd4 54.Be2 Ke4 55.Bg4 Bc3 56.Kc4 Bd2 57.Kb3 Be1
58.Kc4 a5 59.Kb3 Bd2 60.Ka4 Bc3 61.Kb3 Be1 62.Ka4 Kd3 63.Bd1 Kc3 64.Bb3 Bg3
65.Bd1 Bc7 66.Bb3 Kd2 67.Bf7 Kd3 68.Bh5 Kc2 69.Bf7 Kc3 70.Bb3 Bd8 71.Bd1 Kd2
72.Bh5 Bc7 73.Bf7 Kd3 74.Bh5  1/2-1/2

[Event "XXXII Open"]
[Site "Badalona ESP"]
[Date "2006.07.06"]
[Round "5"]
[White "De Jong,JW"]
[Black "Epishin,V"]
[Result "1/2-1/2"]
[WhiteElo "2409"]
[BlackElo "2555"]

1.d4 Nf6 2.c4 e6 3.Nc3 Bb4 4.f3 c5 5.d5 exd5 6.cxd5 d6 7.e4 O-O 8.Ne2 b5
9.a4 bxa4 10.Bd2 Nbd7 11.Ng3 Rb8 12.Be2 c4 13.Nxa4 Ne5 14.O-O Bd7 15.Be3 Qc7
16.Rf2 Bxa4 17.Qxa4 Rb7 18.Bf1 Nfd7 19.Qc2 g6 20.h3 Bc5 21.Bxc5 Qxc5 22.f4 Rfb8
23.Kh2 Nd3 24.Bxd3 cxd3 25.Qxc5 Nxc5 26.e5 Rd8 27.Rc1 d2 28.Rd1 dxe5 29.Rfxd2 exf4
30.Ne2 Ne4 31.Rd4 Nd6 32.Nxf4 Rxb2 33.Ra4 Rb7 34.Ra6 Re7 35.Nd3 Re4 36.Rxa7 Rd4
37.Nf2 Rxd1 38.Nxd1 Nb5 39.Rb7 Rxd5 40.Ne3 Rc5 41.Rd7 Nc3 42.Kg3 Ne4+ 43.Kf4 Nf6
44.Rd8+ Kg7 45.g4 Rc1 46.Kf3 Rc3 47.Ke2 Ne4 48.h4 Ra3 49.Rd4 Nc5 50.Kf3 Ne6
51.Rd7 Ra4 52.Kg3 Nf4 53.Rd8 h5 54.g5 Ne6 55.Rc8 Re4 56.Nd5 Re5 57.Nf6 Nxg5
58.Ne8+ Kh6 59.hxg5+ Kxg5 60.Nd6 Re3+ 61.Kf2 Re7 62.Kf3 f5 63.Nc4 Re6 64.Ne3 Rd6
65.Rc4 h4 66.Rc1 Rd3 67.Rg1+ Kf6 68.Ke2 Rd4 69.Rf1 Ra4 70.Rb1 Ra3 71.Kf3 h3
72.Kf2 f4 73.Rb6+ Kg5 74.Rb5+ Kh4 75.Nf1 Ra2+ 76.Kf3 g5 77.Rb8 g4+ 78.Ke4 Rf2
79.Rh8+ Kg5 80.Rg8+ Kh6 81.Rxg4 Rxf1 82.Rg8 f3 83.Ke3 f2 84.Rh8+ Kg5 85.Rxh3 Kg4
86.Rf3 Ra1 87.Rxf2  1/2-1/2

[Event "FSIM July"]
[Site "Budapest HUN"]
[Date "2006.07.06"]
[Round "6"]
[White "Galyas,M"]
[Black "Kjartansson,G"]
[Result "1-0"]
[WhiteElo "2390"]
[BlackElo "2291"]

1.d4 Nf6 2.c4 e6 3.Nc3 Bb4 4.f3 d5 5.a3 Bxc3+ 6.bxc3 c5 7.cxd5 Nxd5 8.dxc5 Qa5
9.e4 Nf6 10.Be3 Nc6 11.Qb3 Nd7 12.Bb5 Qc7 13.Ne2 Na5 14.Qb4 Nc6 15.Qa4 Na5
16.Rd1 a6 17.Bxd7+ Bxd7 18.Rxd7 Qxd7 19.Qxa5 Rd8 20.Kf2 O-O 21.Rb1 f5 22.e5 Qd3
23.Rxb7 f4 24.Bxf4 Rxf4 25.Nxf4 Qd2+ 26.Ne2 Rd3 27.Qc7 Qe3+ 28.Ke1 Qd2+ 29.Kf1  1-0

[Event "ch-BEL"]
[Site "Namur BEL"]
[Date "2006.07.09"]
[Round "9"]
[White "Hovhanisian,M"]
[Black "Geirnaert,S"]
[Result "1-0"]
[WhiteElo "2363"]
[BlackElo "2357"]

1.d4 Nf6 2.c4 e6 3.Nc3 Bb4 4.f3 c5 5.d5 Nh5 6.Nh3 Bxc3+ 7.bxc3 Qh4+ 8.Nf2 f5
9.e4 O-O 10.Bd3 f4 11.g4 fxg3 12.hxg3 Qxg3 13.Rxh5 Rxf3 14.Qe2 Rxf2 15.Qxf2 Qxd3
16.Bd2 Qxe4+ 17.Qe2 Qxe2+ 18.Kxe2 d6 19.Rah1 exd5 20.Rxh7 Nd7 21.Rh8+ Kf7
22.Rd8 b5 23.Rhh8 Nb6 24.Rhf8+ Ke6 25.Bf4 dxc4 26.Bxd6 Bb7 27.Rfe8+ Kf6 28.Rxa8 Nxa8
29.Re7 Bh1 30.Rxa7 Nb6 31.Bxc5 Na4 32.Bd4+ Ke6 33.Rxg7 Kd5 34.Rg6 Be4 35.Rh6 Bd3+
36.Kd2 Bb1 37.a3 Be4 38.Rf6 Bh1 39.Ke3 Bg2 40.Rg6 Bh3  1-0

[Event "6th TCh-Euro u18"]
[Site "Balatonlelle HUN"]
[Date "2006.07.13"]
[Round "2"]
[White "Toth,E"]
[Black "Lapcevic,M"]
[Result "1-0"]
[WhiteElo "2317"]
[BlackElo "2309"]

1.d4 Nf6 2.c4 e6 3.Nc3 Bb4 4.f3 O-O 5.e4 Nc6 6.Bg5 h6 7.Be3 b6 8.Bd3 e5 9.d5 Nd4
10.Ne2 Nxe2 11.Qxe2 Bxc3+ 12.bxc3 d6 13.O-O Nh5 14.Qd2 Qf6 15.g3 Bh3 16.Rf2 Rae8
17.Kh1 Bd7 18.Rg1 c5 19.f4 exf4 20.gxf4 Qh4 21.f5 Rxe4 22.Bxh6 Rg4 23.Rxg4 Qxg4
24.Rg2 Qh3 25.Bxg7 Re8 26.Bd4+ Kh7 27.Qg5 Nf6 28.Qg7+  1-0

[Event "Open A"]
[Site "Banska Stiavnica SVK"]
[Date "2006.07.13"]
[Round "6"]
[White "Kantorik,M"]
[Black "Rigo,Z"]
[Result "1-0"]
[WhiteElo "2330"]
[BlackElo "2410"]

1.d4 Nf6 2.c4 e6 3.Nc3 Bb4 4.f3 d5 5.a3 Bxc3+ 6.bxc3 c5 7.cxd5 Nxd5 8.dxc5 Qa5
9.e4 Ne7 10.Be3 O-O 11.Qb3 Nec6 12.Bb5 e5 13.Ne2 Be6 14.Bc4 Bxc4 15.Qxc4 Nd7
16.O-O Rac8 17.Rfd1 Qc7 18.Qa4 Rfd8 19.Rd2 Nf6 20.Rad1 Rxd2 21.Rxd2 Qa5 22.Qb3 Qa6
23.Kf2 Na5 24.Qd1 h6 25.Rd6 Rc6 26.Qa4 Kf8 27.Ng3 Rxd6 28.cxd6 Nc4 29.Qxa6 bxa6
30.Bxa7 g6 31.Ke2 Ke8 32.Kd3 Nxd6 33.Bb8 Kd7 34.Ne2 Kc6 35.Nc1 Nd7 36.Bxd6 Kxd6
37.Nb3 Nb6 38.c4 Na4 39.Kc2 Kc6 40.Nc1 f6 41.Nd3 Kb6 42.Kb3 Ka5 43.c5 Kb5
44.c6 Nb6 45.c7 Kc6 46.Nb4+ Kb7 47.c8=Q+ Nxc8 48.Kc4 a5 49.Nd5 f5 50.exf5 gxf5
51.Kb5 e4 52.fxe4 fxe4 53.Kc5 Ka6 54.g4 Ne7 55.Ne3 Ng6 56.a4 Ne5 57.h4 Nf3
58.h5 Ng5 59.Kd4 Kb6 60.Nc4+ Ka6 61.Ke3 Ne6 62.Kxe4 Nc5+ 63.Kd4 Nd7 64.Ne3 Nf6
65.Ke5 Nh7 66.Kf5 Nf8 67.Kf6  1-0

[Event "6th TCh-Euro u18"]
[Site "Balatonlelle HUN"]
[Date "2006.07.14"]
[Round "3"]
[White "Toth,E"]
[Black "Banusz,T"]
[Result "1-0"]
[WhiteElo "2317"]
[BlackElo "2480"]

1.d4 Nf6 2.c4 e6 3.Nc3 Bb4 4.f3 d5 5.a3 Bxc3+ 6.bxc3 c5 7.cxd5 Nxd5 8.dxc5 f5
9.Nh3 O-O 10.Nf4 Na6 11.Nxd5 exd5 12.Qd4 Nc7 13.g3 Ne6 14.Qb4 f4 15.Bh3 Nxc5
16.Qxc5 Bxh3 17.Bxf4 Rc8 18.Qd4 Rc4 19.Qd3 Bf5 20.Qd2 d4 21.cxd4 Rc2 22.Qb4 Qd5
23.Rc1 a5 24.Qe7 Rxc1+ 25.Bxc1 Qxd4 26.Qe3 Qa4 27.Kf2 Re8 28.Qc3 Qb5 29.Re1 Rc8
30.Qd4 Rc2 31.Bd2 b6 32.Bc3 Qd7 33.Qe5 Kf8 34.Bd4 b5 35.Rd1 Kg8 36.Bc3 Qa7+
37.Kg2  1-0

[Event "Canadian Open"]
[Site "Kitchener CAN"]
[Date "2006.07.19"]
[Round "5"]
[White "Zubac,M"]
[Black "Peng,D"]
[Result "1/2-1/2"]
[WhiteElo "2217"]
[BlackElo "2170"]

1.d4 Nf6 2.c4 e6 3.Nc3 Bb4 4.f3 c5 5.a3 Ba5 6.d5 b5 7.Nh3 d6 8.Nf2 bxc4 9.e4 exd5
10.exd5 O-O 11.Be2 Nbd7 12.O-O Bxc3 13.bxc3 Nb6 14.Bg5 h6 15.Bh4 g5 16.Bg3 Nfxd5
17.Qd2 Be6 18.f4 f5 19.Rae1 gxf4 20.Bxf4 Nxf4 21.Qxf4 Qg5 22.Qxd6 Bd5 23.g3 Rae8
24.Bd1 Kg7 25.Qxc5 Qf6 26.Bh5 Re6 27.Rxe6 Qxe6  1/2-1/2

[Event "Politiken Cup"]
[Site "Copenhagen DEN"]
[Date "2006.07.23"]
[Round "2"]
[White "Albrecht,R"]
[Black "Masters,A"]
[Result "1/2-1/2"]
[WhiteElo "2256"]
[BlackElo "1764"]

1.d4 Nf6 2.c4 e6 3.Nc3 Bb4 4.f3 c5 5.d5 d6 6.e4 e5 7.Bd3 O-O 8.Ne2 Nbd7 9.O-O Re8
10.h3 Nf8 11.f4 exf4 12.Bxf4 Ng6 13.Bg5 Re5 14.Qc1 Bd7 15.Ng3 Bxc3 16.bxc3 Rxg5
17.Qxg5 Ne5 18.Be2 h6 19.Qe3 Qe7 20.Rab1 b6 21.Rf2 Rf8 22.Rbf1 Nh7 23.Kh2 Qh4
24.Qf4 Qe7 25.Nf5 Bxf5 26.exf5 f6 27.Re1 Ng5 28.Bf1 Ngf7 29.a4 a5 30.Rb1 Nd7
31.Rfb2 Rb8 32.g4 Qe5 33.Qxe5 Nfxe5 34.Kg3 Nf7 35.Kf4 Nfe5 36.h4 Nf7 37.Re1 Nde5
38.Reb1 Nd7  1/2-1/2

[Event "Czech Open A"]
[Site "Pardubice CZE"]
[Date "2006.07.24"]
[Round "4"]
[White "Sakovich,I"]
[Black "Priborsky,I"]
[Result "0-1"]
[WhiteElo "2235"]
[BlackElo "2331"]

1.d4 Nf6 2.c4 e6 3.Nc3 Bb4 4.f3 d5 5.a3 Bxc3+ 6.bxc3 Nbd7 7.cxd5 exd5 8.e3 O-O
9.Bd3 c5 10.Ne2 Re8 11.O-O cxd4 12.cxd4 Nf8 13.Ng3 Bd7 14.Ra2 Rc8 15.Kh1 Qa5
16.Raf2 Bb5 17.e4 Rxc1 18.Qxc1 Bxd3 19.Rd1 dxe4 20.fxe4 Nxe4 21.Nxe4 Bxe4
22.h3 Nd7 23.Kg1 Bc6 24.Qf4 Nf6 25.Rd3 Qd5 26.Re3 Rd8 27.Rd3 Qe4 28.Qxe4 Nxe4
29.Rb2 Kf8 30.Kf1 Rd5 31.Ke1 Nc5 32.Rd1 Ne6 33.Rbd2 Ke7 34.Kf2 Kd6 35.Ke3 Ra5
36.Ra2 Nc7 37.Rdd2 Nd5+ 38.Kf2 Nc3  0-1

[Event "32nd Open"]
[Site "Sitges ESP"]
[Date "2006.07.24"]
[Round "4"]
[White "Moskalenko,V"]
[Black "Buchenau,F"]
[Result "1-0"]
[WhiteElo "2543"]
[BlackElo "2309"]

1.d4 e6 2.c4 Nf6 3.Nc3 Bb4 4.f3 c5 5.d5 d6 6.e4 O-O 7.Bd3 Nbd7 8.Ne2 Ne5
9.O-O Re8 10.dxe6 fxe6 11.f4 Nf7 12.h3 a6 13.Qc2 d5 14.e5 dxc4 15.Bxc4 b5
16.Rd1 Qb6 17.exf6 bxc4 18.fxg7 Bb7 19.Ne4 Red8 20.N2g3 Rd3 21.Rxd3 cxd3
22.Qxd3 c4+ 23.Qe3 Qc6 24.Bd2 Bxd2 25.Qxd2 Rd8 26.Qe2 Qb6+ 27.Kh2 Qd4 28.Re1 Kxg7
29.Qg4+ Kh8 30.Qxe6 Bd5 31.Qf6+ Qxf6 32.Nxf6  1-0

[Event "32nd Open"]
[Site "Sitges ESP"]
[Date "2006.07.25"]
[Round "5"]
[White "Moskalenko,V"]
[Black "Epishin,V"]
[Result "1/2-1/2"]
[WhiteElo "2543"]
[BlackElo "2555"]

1.d4 Nf6 2.c4 e6 3.Nc3 Bb4 4.f3 d5 5.a3 Bxc3+ 6.bxc3 c5 7.cxd5 Nxd5 8.dxc5 Qa5
9.e4 Nf6 10.Be3 O-O 11.Qb3 Nfd7 12.a4 Qc7 13.Qa3 b6 14.Ne2 Ba6 15.cxb6 Qd8  1/2-1/2

[Event "Czech Open A"]
[Site "Pardubice CZE"]
[Date "2006.07.27"]
[Round "7"]
[White "Kantorik,M"]
[Black "Mickevicius,J"]
[Result "0-1"]
[WhiteElo "2330"]
[BlackElo "2246"]

1.d4 Nf6 2.c4 e6 3.Nc3 Bb4 4.f3 d5 5.a3 Be7 6.e4 dxe4 7.fxe4 e5 8.d5 Bc5
9.Nf3 Ng4 10.b4 Bf2+ 11.Ke2 Bh4 12.g3 Be7 13.h3 Nf6 14.Be3 O-O 15.Kf2 a5
16.c5 b6 17.Nxe5 bxc5 18.bxc5 Nbd7 19.Nxd7 Nxd7 20.c6 Ne5 21.Be2 f5 22.Kg2 fxe4
23.Nxe4 Bf5 24.Nc3 Rb8 25.Rf1 Rb2 26.Rf2 Bg5 27.Bxg5 Qxg5 28.Qd4 Rd2 29.Qc5 Nd3
30.Bxd3 Bxh3+  0-1

[Event "32nd Open"]
[Site "Sitges ESP"]
[Date "2006.07.27"]
[Round "7"]
[White "Moskalenko,V"]
[Black "Cruz,F"]
[Result "1-0"]
[WhiteElo "2543"]
[BlackElo "2397"]

1.d4 Nf6 2.c4 e6 3.Nc3 Bb4 4.f3 d5 5.a3 Bxc3+ 6.bxc3 c5 7.cxd5 Nxd5 8.dxc5 Qa5
9.e4 Ne7 10.Be3 Nd7 11.Qb3 Nc6 12.Bb5 O-O 13.Ne2 Qc7 14.O-O Nde5 15.Rfd1 Na5
16.Qb4 Nec6 17.Qa4 e5 18.c4 Be6 19.Rd6 Nb8 20.Qb4 Na6 21.Bxa6 bxa6 22.Rxa6 Nxc4
23.Bf2 Rfb8 24.Qc3 Nb2 25.Ng3 Rb3 26.Qc2 Rab8 27.Rd6 h5 28.h4 Qa5 29.Nxh5 Qb5
30.Qd2 g6 31.Rd8+ Rxd8 32.Qxd8+ Kh7 33.Nf6+ Kg7 34.h5 Qb8 35.Ne8+ Kf8 36.Qxb8 Rxb8
37.Nc7  1-0

[Event "Sunny Pawn Open"]
[Site "Illichevsk UKR"]
[Date "2006.07.28"]
[Round "8"]
[White "Neschetny,V"]
[Black "Pavlov,S2"]
[Result "0-1"]
[WhiteElo "2115"]
[BlackElo "2415"]

1.d4 Nf6 2.c4 e6 3.Nc3 Bb4 4.f3 d5 5.a3 Bxc3+ 6.bxc3 c5 7.cxd5 Nxd5 8.dxc5 f5
9.e4 fxe4 10.Qd4 O-O 11.Bc4 Nc6 12.Qxe4 Nxc3 13.Qd3 Qxd3 14.Bxd3 Rd8 15.Be4 Rd1+
16.Kf2 Nxe4+ 17.fxe4 e5 18.Kg3 Re1 19.Bb2 Rxe4 20.Rc1 Be6 21.Nf3 Rg4+ 22.Kf2 e4
23.h3 Rg6 24.Ne5 Rf8+ 25.Kg1 Nxe5 26.Bxe5 e3 27.Re1 Bd5 28.Rh2 Bc4 29.g3 e2
30.Rf2 Rxf2 31.Kxf2 Rg5 32.Bd6 Rf5+ 33.Ke3 Rf1 34.Kd2 Rf3 35.Ra1 Rf2 36.Re1 Kf7
37.h4 Ke6 38.Ke3 Rf1 39.Kd2 Kf5 40.Bf8 g6 41.Bg7 Kg4 42.Be5 Kf3 43.h5  0-1